000 00815cam a2200277 i 4500
999 _c102602
_d102602
001 C2-0298275
003 PPAK
005 20190225165242.0
008 090528s2008 cc a e 0 chi d
020 _a9789866845352
_qpaperback
040 _aPPAK
_beng
_cPPAK
_erda
082 0 4 _a158.1
_223
090 0 0 _a158.1
_bHAA
_dG
100 1 _aHaanel, Charles F.,
_d1866-1949,
_eauthor.
245 1 0 _aShi jie zui shen qi de xin ling qian neng /
_cCharles F. Haanel
246 3 3 _aMental chemistry
264 1 _aTaipei, Taiwan :
_bDe Wei Guo Ji Wen Hua ,
_c2008
300 _a269 pages :
_billustrations ;
_c21 cm
336 _2rdacontent
_atext
337 _2rdamedia
_aunmediated
338 _2rdacarrier
_avolume
650 1 0 _aConduct of life
650 2 0 _aNew Thought
650 2 0 _aSuccess
942 _cB
_2ddc